000 004420000a22001570004500
003 MACL
005 20180225171730.0
008 180225b xxu||||| |||| 00| 0 eng d
040 _cmacl
100 _aनियाजी जहीर
_965240
245 _aप्रेरक कहानियां
260 _bअक्षिता
_c2008
350 _a30
650 _aचिल्‍ड्रन
_970776
942 _cHIN
_k741.642
_2ddc
999 _c21957
_d21957